Nightingale Lane- RAYE (Lyrics) - Statistics

General Stats
  • This quiz has been taken 7 times
  • The average score is 368 of 519
Answer Stats
Answer % Correct
a
100%
an
100%
and
100%
And
100%
(and
100%
first
100%
go
100%
I
100%
(I,
100%
I,
100%
I),
100%
I'm
100%
(I'm
100%
in
100%
In
100%
Lane
100%
Lane,
100%
Lane)
100%
love
100%
me
100%
my
100%
Nightingale
100%
(Nightingale
100%
On
100%
on,
100%
(on
100%
on
100%
song
100%
street
100%
the
100%
This
100%
this
100%
about
86%
again
86%
called
86%
goodbye
86%
heartbreak
86%
His
86%
is
86%
it
86%
It
86%
it,
86%
Just
86%
just
86%
lips
86%
London
86%
made
86%
now
86%
now,
86%
of
86%
right,
86%
right
86%
(right
86%
Right
86%
someday
86%
Someday
86%
South
86%
suburbs
86%
that
86%
thin
86%
(thin)
86%
to
86%
to)
86%
we
86%
We
86%
when
86%
(when
86%
When
86%
Where
86%
where
86%
will
86%
will,
86%
you
86%
ever
71%
have
71%
kissed
71%
know
71%
known
71%
Like
71%
like
71%
loved
71%
(loved
71%
myself
71%
once
71%
once)
71%
say
71%
Somebody
71%
somebody
71%
someone
71%
Someone
71%
steel
71%
town
71%
Was
71%
was
71%
was)
71%
way
71%
Avenue
57%
beer-stained
57%
(beer-stained)
57%
cried,
57%
down
57%
(down
57%
Down
57%
(down,
57%
down)
57%
drive
57%
drive),
57%
drive,
57%
drive)
57%
floating
57%
ghost
57%
greatest
57%
him
57%
I've
57%
I've,
57%
let
57%
never
57%
next
57%
Next
57%
over
57%
pain
57%
Park
57%
red
57%
road
57%
road,
57%
road)
57%
see
57%
tear-stained
57%
tell
57%
were
57%
After
43%
Although
43%
at
43%
away
43%
baby
43%
But
43%
capable
43%
closed
43%
colder
43%
dare
43%
early
43%
eyes)
43%
feel
43%
get
43%
ground
43%
here
43%
it's
43%
June
43%
life
43%
lights
43%
long,
43%
long
43%
loving
43%
Old
43%
other,
43%
other
43%
rain,
43%
slow
43%
sometimes
43%
summer
43%
them
43%
there
43%
They
43%
walk
43%
watched
43%
(with
43%
absence
29%
aching
29%
alive
29%
around
29%
believe
29%
come
29%
dabbled
29%
each
29%
every
29%
fact
29%
for
29%
gon'
29%
how
29%
knock
29%
(knock
29%
lasts
29%
(lose
29%
Maybe
29%
mind),
29%
oceans
29%
passion
29%
quite
29%
refuse
29%
remember
29%
reminisce
29%
showed
29%
sigh
29%
since
29%
Standing
29%
stick
29%
Stranger,
29%
Took
29%
walls
29%
years
29%
your
29%
along
14%
arms,
14%
back
14%
Da-da,
14%
hard
14%
looking
14%
mm-mm
14%
ooh)
14%
reminded
14%
though
14%
woah-woah
14%
yeah
14%
yeah-yeah,
14%
ayy,
0%
da-da-da-ayy
0%
made of steel)
0%
(take
0%
tonight)
0%
WAHR
0%
Yeah-yeah-yeah,
0%
No matching quizzes found
Score Distribution
Percent of People with Each Score
Percentile by Number Answered
Your Score History
You have not taken this quiz